Changing patterns of urban travel / (Record no. 543366)
[ view plain ]
| 000 -LEADER | |
|---|---|
| fixed length control field | 00693nam a2200181 a 4500 |
| 020 ## - INTERNATIONAL STANDARD BOOK NUMBER | |
| International Standard Book Number | 9282110982 (pbk.) |
| 082 00 - DEWEY DECIMAL CLASSIFICATION NUMBER | |
| Classification number | 388.4 |
| Author Mark | CHA |
| -- | L-18, P62A |
| 100 ## - MAIN ENTRY--PERSONAL NAME | |
| Personal name | Webster, V.V |
| 9 (RLIN) | 38725 |
| 245 00 - TITLE STATEMENT | |
| Title | Changing patterns of urban travel / |
| Statement of responsibility, etc. | by F.V. Webster ... [et al.]. |
| 260 ## - PUBLICATION, DISTRIBUTION, ETC. | |
| Place of publication, distribution, etc. | [Paris] : |
| Name of publisher, distributor, etc. | European Conference of Ministers of Transport ; |
| Place of publication, distribution, etc. | [Washington, D.C. : |
| Name of publisher, distributor, etc. | OECD Publications and Information Center, sales agent], |
| Date of publication, distribution, etc. | 1985. |
| 300 ## - PHYSICAL DESCRIPTION | |
| Extent | 80 p. : |
| Other physical details | ill. ; |
| Dimensions | 28 cm. |
| 526 ## - STUDY PROGRAM INFORMATION NOTE | |
| Program name | 0 |
| Interest level | 0 |
| Reading level | 0 |
| Title point value | 388_400000000000000_CHA |
| 650 #0 - SUBJECT ADDED ENTRY--TOPICAL TERM | |
| Topical term or geographic name entry element | MCE |
| 9 (RLIN) | 379 |
| 650 #0 - SUBJECT ADDED ENTRY--TOPICAL TERM | |
| Topical term or geographic name entry element | Urban transportation. |
| 700 1# - ADDED ENTRY--PERSONAL NAME | |
| Personal name | Webster, F. V. |
| 9 (RLIN) | 38726 |
| 710 2# - ADDED ENTRY--CORPORATE NAME | |
| Corporate name or jurisdiction name as entry element | European Conference of Ministers of Transport. |
| 9 (RLIN) | 38317 |
| 942 ## - ADDED ENTRY ELEMENTS (KOHA) | |
| Source of classification or shelving scheme | |
| Koha item type | Book |
| Withdrawn status | Lost status | Source of classification or shelving scheme | Damaged status | Not for loan | Permanent Location | Current Location | Date acquired | Total Checkouts | Full call number | Barcode | Date last seen | Price effective from | Koha item type |
|---|---|---|---|---|---|---|---|---|---|---|---|---|---|
| Military College of Engineering (MCE) | Military College of Engineering (MCE) | 03/21/2014 | 388.4 CHA | MCE-24935 | 03/21/2014 | 03/21/2014 | Book |
